000
00271nam a2200121Ia 4500
008
191201s2002 xx 000 0 und d
100
_a
KUMAR, N
245
0
_a
International Marketing
260
_a
N. Delhi
_b
Anmol
_c
2002
300
_a
397
650
_a
MBA
942
_2
ddc
_c
BK
999
_c
143
_d
143